| 000 | 00382cam a22001451 4500 | ||
|---|---|---|---|
| 040 | _cWGrU | ||
| 082 | _a820 NOR 1962 A110 Or. | ||
| 100 | 1 | _aAbrams, M. H. | |
| 245 | 1 | 4 | _aThe Norton anthology of English literature |
| 250 | _aMajor authors ed. [1st ed.] | ||
| 260 |
_aNew York, _bW. W. Norton _c[1962] |
||
| 300 |
_a2024 p. _c22 cm. |
||
| 650 | 0 | _aEnglish literature. | |
| 942 | _cEK | ||
| 999 |
_c17079 _d17079 |
||